| 000 | 00785cam a2200253 a 4500 | ||
|---|---|---|---|
| 008 | |||
| 020 | _a1856042278 (pbk.) | ||
| 049 | _aMAIN | ||
| 090 |
_aZ674.82.I59 _bPOU |
||
| 100 | 1 | _aPoulter, Alan | |
| 245 | 1 | 4 |
_aThe library and information professional's guide to the World Wide Web / _cAlan Poulter, Gwyneth Tseng, Goff Sargent. |
| 260 |
_aLondon : _bLibrary Association, _c1999. |
||
| 300 |
_ax, 133 p. : _bill. ; _c24 cm. |
||
| 500 | _aIncludes index. | ||
| 650 | 0 | _aWorld Wide Web. | |
| 650 | 0 | _aLibrary information networks. | |
| 700 | 1 | _aTseng, Gwyneth. | |
| 700 | 1 | _aSargent, Goff. | |
| 907 |
_a.b10029023 _b12-10-10 _c17-04-03 |
||
| 003 | |||
| 005 | 20230123133147.0 | ||
| 040 | _cNUST | ||
| 942 |
_cBOOKS _kZ674.82.I59 _mPOU |
||
| 999 |
_c143785 _d143785 |
||